| 000 | 00389nam a2200145 a 4500 | ||
|---|---|---|---|
| 005 | 20140414131853.0 | ||
| 008 | 100807s19uu xx 00 eng d | ||
| 020 | _a8178260131 | ||
| 050 |
_aM 537 _bC38 2006 |
||
| 245 | _aCharles Darwin. | ||
| 260 |
_aDelhi, India : _bRohan Book Co, _c2006. |
||
| 440 | _aWorld great scientists | ||
| 650 | _aDarwin, Charles, 1809-1882. | ||
| 999 |
_c110291 _d110291 |
||